MARC details
| 000 -LEADER |
| fixed length control field |
01625cam a2200337K 4500 |
| 001 - CONTROL NUMBER |
| control field |
8315102 |
| 005 - DATE AND TIME OF LATEST TRANSACTION |
| control field |
20150818122225.0 |
| 006 - FIXED-LENGTH DATA ELEMENTS--ADDITIONAL MATERIAL CHARACTERISTICS--GENERAL INFORMATION |
| fixed length control field |
m d |
| 007 - PHYSICAL DESCRIPTION FIXED FIELD--GENERAL INFORMATION |
| fixed length control field |
cr bn||||||abp |
| 007 - PHYSICAL DESCRIPTION FIXED FIELD--GENERAL INFORMATION |
| fixed length control field |
cr bn||||||ada |
| 008 - FIXED-LENGTH DATA ELEMENTS--GENERAL INFORMATION |
| fixed length control field |
100326s1891 nyu o 000 0 eng d |
| 035 ## - SYSTEM CONTROL NUMBER |
| System control number |
(OCoLC)ocn581354707 |
| 035 ## - SYSTEM CONTROL NUMBER |
| System control number |
(OCoLC)581354707 |
| 040 ## - CATALOGING SOURCE |
| Original cataloging agency |
OCLCE |
| Language of cataloging |
eng |
| Transcribing agency |
OCLCE |
| Modifying agency |
OCLCQ |
| 049 ## - LOCAL HOLDINGS (OCLC) |
| Holding library |
ZCUA |
| 050 #4 - LIBRARY OF CONGRESS CALL NUMBER |
| Classification number |
B580 |
| Item number |
.L6 1891 |
| 082 04 - DEWEY DECIMAL CLASSIFICATION NUMBER |
| Classification number |
188.8 |
| 100 0# - MAIN ENTRY--PERSONAL NAME |
| Personal name |
Marcus Aurelius, |
| Titles and other words associated with a name |
Emperor of Rome, |
| Dates associated with a name |
121-180. |
| 9 (RLIN) |
18614 |
| 240 10 - UNIFORM TITLE |
| Uniform title |
<a href="Meditations.">Meditations.</a> |
| Language of a work |
English |
| 245 14 - TITLE STATEMENT |
| Title |
The thoughts of the Emperor M. Aurelius Antoninus |
| Medium |
[electronic resource] |
| Statement of responsibility, etc |
Translated by George Long. |
| 260 ## - PUBLICATION, DISTRIBUTION, ETC. (IMPRINT) |
| Place of publication, distribution, etc |
New York, |
| Name of publisher, distributor, etc |
J.B. Alden, |
| Date of publication, distribution, etc |
1891. |
| 300 ## - PHYSICAL DESCRIPTION |
| Extent |
1 online resource (l88 p.) |
| 506 ## - RESTRICTIONS ON ACCESS NOTE |
| Materials specified |
Use copy |
| Standardized terminology for access restriction |
Restrictions unspecified |
| Source of term |
star |
| Institution to which field applies |
MiAaHDL |
| 533 ## - REPRODUCTION NOTE |
| Type of reproduction |
Electronic reproduction. |
| Place of reproduction |
[S.l.] : |
| Agency responsible for reproduction |
HathiTrust Digital Library, |
| Date of reproduction |
2010. |
| 538 ## - SYSTEM DETAILS NOTE |
| System details note |
Master and use copy. Digital master created according to Benchmark for Faithful Digital Reproductions of Monographs and Serials, Version 1. Digital Library Federation, December 2002. |
| Uniform Resource Identifier |
<a href="http://purl.oclc.org/DLF/benchrepro0212">http://purl.oclc.org/DLF/benchrepro0212</a> |
| 700 1# - ADDED ENTRY--PERSONAL NAME |
| Personal name |
Long, George, |
| Dates associated with a name |
1800-1879, |
| Relator term |
tr. |
| 9 (RLIN) |
18615 |
| 776 08 - ADDITIONAL PHYSICAL FORM ENTRY |
| Display text |
Print version: |
| Main entry heading |
Marcus Aurelius, Emperor of Rome, 121-180. |
| Uniform title |
Meditations. English. |
| Title |
Thoughts of the Emperor M. Aurelius Antoninus. |
| Place, publisher, and date of publication |
New York, J.B. Alden, 1891 |
| Record control number |
(DLC) 33039252 |
| -- |
(OCoLC)912335 |
| 856 40 - ELECTRONIC LOCATION AND ACCESS |
| Materials specified |
HathiTrust Digital Library |
| Uniform Resource Identifier |
<a href="http://catalog.hathitrust.org/api/volumes/oclc/912335.html">http://catalog.hathitrust.org/api/volumes/oclc/912335.html</a> |
| 583 1# - ACTION NOTE |
| Action |
digitized |
| Time/date of action |
2010 |
| Jurisdiction |
HathiTrust Digital Library |
| Status |
committed to preserve |
| Source of term |
pda |
| Institution to which field applies |
MiAaHDL |
| 942 ## - ADDED ENTRY ELEMENTS (KOHA) |
| Source of classification or shelving scheme |
Library of Congress Classification |
| Item type |
Monograph ( Printed materials) |